ბათუმის შოთა რუსთაველის სახელმწიფო უნივერსიტეტის ბიბლიოთეკა

Археология Западной Европы : (ბიბ.ჩანაწერი № 60758)

000 -LEADER
fixed length control field 00693nam a22001817a 4500
005 - DATE AND TIME OF LATEST TRANSACTION
control field 20231019111735.0
008 - FIXED-LENGTH DATA ELEMENTS--GENERAL INFORMATION
fixed length control field 231019s1974 ru ||||| |||| 00| 0 rus d
041 ## - LANGUAGE CODE
Language code of text/sound track or separate title rus
080 ## - UNIVERSAL DECIMAL CLASSIFICATION NUMBER
Universal Decimal Classification number 902(4-15) M-77
100 ## - MAIN ENTRY--PERSONAL NAME
Personal name Монгайт, А.Л.
9 (RLIN) 20123
245 ## - TITLE STATEMENT
Title Археология Западной Европы :
Remainder of title Бронзовый и железный века /
Statement of responsibility, etc. А.Л. Монгайт.
264 ## - PRODUCTION, PUBLICATION, DISTRIBUTION, MANUFACTURE, AND COPYRIGHT NOTICE
Place of production, publication, distribution, manufacture Москва :
Name of producer, publisher, distributor, manufacturer Наука,
Date of production, publication, distribution, manufacture, or copyright notice 1974.
300 ## - PHYSICAL DESCRIPTION
Extent 428 с.:
Other physical details ил.;
Dimensions 24 см.
653 ## - INDEX TERM--UNCONTROLLED
keyword დასავლეთ ევროპის არქეოლოგია
653 ## - INDEX TERM--UNCONTROLLED
keyword Ბრინჯაოს ხანა
653 ## - INDEX TERM--UNCONTROLLED
keyword Რკინის ხანა
942 ## - ADDED ENTRY ELEMENTS (KOHA)
Source of classification or shelving scheme
Koha item type წიგნი
ეგზემპლარები
Withdrawn status Lost status Source of classification or shelving scheme Damaged status Not for loan Permanent Location Current Location Shelving location Date acquired Cost, normal purchase price Full call number Barcode Date last seen Copy number Uniform Resource Identifier Price effective from Koha item type Public note
          ბათუმის შოთა რუსთაველის სახელმწიფო უნივერსიტეტის მთავარი ბიბლიოთეკა ბათუმის შოთა რუსთაველის სახელმწიფო უნივერსიტეტის მთავარი ბიბლიოთეკა წიგნსაცავი 2023-10-19 8.00 902(4-15) M-77 65315 2023-10-19 65315 ბსუ-ს საპატიო დოქტორის გურამ ლორთქიფანიძის საჩუქარი 2023-10-19 წიგნი 8 ლ.